Surveying buildings (Record no. 104283)

MARC details
000 -LEADER
fixed length control field 02049cam a2200577 4500
001 - CONTROL NUMBER
control field L129820
008 - FIXED-LENGTH DATA ELEMENTS--GENERAL INFORMATION
fixed length control field 000000n2005 000 0 eng u
020 ## - INTERNATIONAL STANDARD BOOK NUMBER
International Standard Book Number 1842191926
035 ## - SYSTEM CONTROL NUMBER
System control number (Sirsi) u129820
041 ## - LANGUAGE CODE
Language code of text/sound track or separate title eng
050 ## - LIBRARY OF CONGRESS CALL NUMBER
Classification number 690.2
-- 18
100 ## - MAIN ENTRY--PERSONAL NAME
Personal name Hollis, Malcolm
245 ## - TITLE STATEMENT
Title Surveying buildings
250 ## - EDITION STATEMENT
Edition statement 5th ed.
260 ## - PUBLICATION, DISTRIBUTION, ETC.
Place of publication, distribution, etc. London
Name of publisher, distributor, etc. RICS
Date of publication, distribution, etc. 2005
300 ## - PHYSICAL DESCRIPTION
Extent x, 598p.
Other physical details ill.
Dimensions 30cm.
505 ## - FORMATTED CONTENTS NOTE
Formatted contents note What is a survey?
505 ## - FORMATTED CONTENTS NOTE
Formatted contents note The inspection
505 ## - FORMATTED CONTENTS NOTE
Formatted contents note Checklist in preparing for a survey
505 ## - FORMATTED CONTENTS NOTE
Formatted contents note Reporting
505 ## - FORMATTED CONTENTS NOTE
Formatted contents note Surveys of specialist buildings
505 ## - FORMATTED CONTENTS NOTE
Formatted contents note Equipment
505 ## - FORMATTED CONTENTS NOTE
Formatted contents note The contract
505 ## - FORMATTED CONTENTS NOTE
Formatted contents note The duties of surveyors, their performance and their breach
505 ## - FORMATTED CONTENTS NOTE
Formatted contents note The consequences of breach of duty
505 ## - FORMATTED CONTENTS NOTE
Formatted contents note Health in buildings
505 ## - FORMATTED CONTENTS NOTE
Formatted contents note Asbestos
505 ## - FORMATTED CONTENTS NOTE
Formatted contents note Roofs
505 ## - FORMATTED CONTENTS NOTE
Formatted contents note Walls
505 ## - FORMATTED CONTENTS NOTE
Formatted contents note Plastics
505 ## - FORMATTED CONTENTS NOTE
Formatted contents note Metals
505 ## - FORMATTED CONTENTS NOTE
Formatted contents note Windows
505 ## - FORMATTED CONTENTS NOTE
Formatted contents note Floors
505 ## - FORMATTED CONTENTS NOTE
Formatted contents note Surveying services
505 ## - FORMATTED CONTENTS NOTE
Formatted contents note Decoration and external surface failures
505 ## - FORMATTED CONTENTS NOTE
Formatted contents note Surroundings
505 ## - FORMATTED CONTENTS NOTE
Formatted contents note Dampness
505 ## - FORMATTED CONTENTS NOTE
Formatted contents note Timber decay caused by insect attack
505 ## - FORMATTED CONTENTS NOTE
Formatted contents note Rot and fungus damage to timber
505 ## - FORMATTED CONTENTS NOTE
Formatted contents note Interpreting cracks
505 ## - FORMATTED CONTENTS NOTE
Formatted contents note Trees and their effect on buildings
505 ## - FORMATTED CONTENTS NOTE
Formatted contents note Common UK dwelling types and their defects
520 ## - SUMMARY, ETC.
Summary, etc. This new edition has been completely updated throughout to reflect recent legislation and RICS best practice changes. Extensive new case studies have been added highlighting common defects as well as new material on damp, finishes, and diagnosis techniques. Also included is a new chapter and photographs on asbestos written in the light of the RICS guidance and regulations.
520 ## - SUMMARY, ETC.
Summary, etc. Supersedes fourth edition (ISBN 0854069798).
590 ## - LOCAL NOTE (RLIN)
Local note IKA070605
690 ## - LOCAL SUBJECT ADDED ENTRY--TOPICAL TERM (OCLC, RLIN)
Topical term or geographic name as entry element BUILT ENVIRONMENT-BUILDING INSPECTION-BUILDING SURVEYORS
700 ## - ADDED ENTRY--PERSONAL NAME
Personal name Gibson, Charles
710 ## - ADDED ENTRY--CORPORATE NAME
Corporate name or jurisdiction name as entry element Royal Institution of Chartered Surveyors
9 (RLIN) 4900
942 ## - ADDED ENTRY ELEMENTS (KOHA)
Suppress in OPAC 0
Holdings
Withdrawn status Lost status Source of classification or shelving scheme Damaged status Not for loan Home library Current library Shelving location Date acquired Total Checkouts Full call number Barcode Date last seen Copy number Price effective from Koha item type Date last checked out
    Dewey Decimal Classification     London London RICS Boxes 26/05/2005   RICS 2005/09 30070056 06/08/2019 1 06/08/2019 Archive  
    Dewey Decimal Classification     London London Folio 26/05/2005   F690.2 HOL 30070057 06/08/2019 1 06/08/2019 Reference material  
    Dewey Decimal Classification     London London Folio 29/04/2009 4 F690.2 HOL 30070058 06/08/2019 3 06/08/2019 Book 19/01/2010